00552nam a2200169 a 450000500170000000800410001702000180005805000180007610000160009424500440011026000450015430000230019944000200022265000110024299900190025395201100027220140412111244.0010809s19uu xx 00 eng d a1-56293-105-9 aERbMo74 1992 aNayer, Judy aMother Goose /ccompiled by Judy Nayer. aNew York :bMcClanahan Book Comp,c1992. a1 v. (unp.) ; ill. aStorytime Books aRhymes c102876d102876 00104050aELbELcERd2001-08-09eDonationl0oER Mo74 1992pE3061r2014-04-12 00:00:00w2014-04-12yBK